Nom d'un vrai joueur de basket en NBA - Mort subite - Statistiques

Statistiques générales
  • Ce quiz a été pris 4 209 fois
  • Le résultat moyen est 10 sur 13
Answers on the Grid
Answers color-coded by a green-red scale on the quiz's grid according to % correct below.
Lebron James
Stephen Curry
Victor Wembanyama
Lamelo Ball
Gradey Dick
Anthony Black
Anthony Edwards
Giannis Antetokounmpo
Anthony Davis
Moussa Diabate
Jrue Holiday
Nikola Jokic
Kevin Durant
Kylian Mbappé
Tiger Woods
Morteza Mehrzad
Quincy Wilson
Aaron Rodgers
Josh Allen
Lamar Jackson
 
Statistiques - réponses
Réponse % Correct
Stephen Curry
87%
Lebron James
86%
Kevin Durant
85%
Nikola Jokic
84%
Anthony Davis
83%
Giannis Antetokounmpo
83%
Anthony Edwards
82%
Lamelo Ball
81%
Jrue Holiday
72%
Victor Wembanyama
70%
Moussa Diabate
53%
Anthony Black
51%
Gradey Dick
51%
Aucun quiz correspondant
Distribution des résultats
% des personnes avec chaque résultat
Percentile par nombre de réponses
Votre historique - résultats
Vous n’avez pas pris ce quiz